| 000 | 00592nam a2200193Ia 4500 | ||
|---|---|---|---|
| 005 | 20250923150025.0 | ||
| 008 | 008 250917s9999 xx 000 0 eng d | ||
| 037 | _aTextual | ||
| 040 |
_aDSWL _beng _cDSWL |
||
| 041 |
_aeng _2eng |
||
| 084 |
_aY72OgQ6:65.26272, N99 _qDSWL |
||
| 100 |
_aBhattacharya, S.K. _9841403 |
||
| 245 | 0 |
_aChristian missions, missionaries and Indian society _c by S.K. Bhattacharya |
|
| 260 |
_aNew Delhi _bMohit _c1999 |
||
| 365 |
_aINR _b600.00 |
||
| 925 | _g600.00 | ||
| 942 |
_cTEXL _hY72OgQ6:65.26272, N99 |
||
| 999 |
_c1458642 _d1458642 |
||